| Поле | Название | Значение |
| |
Тип записи |
a |
| |
Библиографический уровень |
m |
| 001 |
Контрольный номер |
SKBR/252c4156-0fc1-43a3-ae55-3c3c670468fc |
| 005 |
Дата корректировки |
20251219142202.2 |
| 010 |
Индекс ISBN |
__ |
| a |
ISBN |
978-5-04-116456-0 |
| 9 |
Тираж |
2000 экз. |
| d |
Цена |
695-20 |
| 035 |
Другие системные номера |
__ |
| a |
Идентификатор записи |
(RuMoRGB)011297515 |
| 035 |
Другие системные номера |
__ |
| a |
Идентификатор записи |
RU\NLR\BIBL_A\016213154 |
| 100 |
Данные общей обработки |
__ |
| a |
Данные общей обработки |
20241031d2022 m y0rusy028902 ca |
| 101 |
Язык документа |
1_ |
| a |
Язык текста |
rus |
| c |
Язык оригинала |
eng |
| 102 |
Страна публикации |
__ |
| a |
Страна публикации |
RU |
| 105 |
Кодированные данные (монография) |
__ |
| a |
Кодированные данные (монография) |
a z 001yy |
| 181 |
Поле кодированных данных: вид содержания |
_0 |
| a |
Код вида содержания (ISBD) |
i |
| 182 |
Поле кодированных данных: тип средства |
_0 |
| a |
Код типа средства (ISBD) |
n |
| 200 |
Заглавие и сведения об ответственности |
1_ |
| a |
Заглавие |
Как быть ленивым пользователем Excel |
| e |
Сведения, относящиеся к заглавию |
введение в финансовое моделирование |
| f |
Первые сведения об ответственности |
Лиам Бастик |
| g |
Последующие сведения об ответственности |
перевод с английского: М. А. Райтман |
| 203 |
Вид содержания и тип средства |
__ |
| a |
Вид содержания |
Текст |
| c |
Тип средства |
непосредственный |
| 210 |
Выходные данные |
1_ |
| a |
Место издания |
Москва |
| c |
Издательство |
Бомбора |
| c |
Издательство |
Эксмо |
| d |
Дата издания |
2022 |
| 215 |
Физическое описание |
__ |
| a |
Объем |
366, [1] с. |
| c |
Иллюстрации/тип воспроизводства |
ил., табл. |
| d |
Формат |
24 см |
| 225 |
Серия |
1_ |
| a |
Серия |
Excel для всех |
| 320 |
Библиография |
__ |
| a |
Библиография |
Предметный указатель в конце книги |
| 330 |
Аннотация |
__ |
| a |
Аннотация |
Эта книга позволит вам строить финансовые модели в Excel на профессиональном уровне и получить навыки, необходимые для эффективной и быстрой работы. Вся информация дается на примере наиболее распространенных и востребованных ситуаций построения финансовых моделей и требует минимального опыта работы в этой области. |
| 454 |
Оригинал |
_0 |
| 1 |
|
2001 |
| a |
|
How to Excel at being a lazy modelle. Introduction to financial modelling |
| f |
|
Liam Bastick |
| 1 |
|
700 1 |
| a |
|
Bastick |
| b |
|
L. |
| g |
|
Liam |
| 517 |
Другие варианты заглавия |
1_ |
| a |
Другие варианты заглавия |
Как быть ленивым пользователем Эксель |
| 517 |
Другие варианты заглавия |
1_ |
| a |
Другие варианты заглавия |
Как быть ленивым пользователем Иксэль |
| 540 |
Дополнительное заглавие, сделанное каталогизатором |
10 |
| a |
Дополнительное заглавие, сделанное каталогизатором |
Введение в финансовое моделирование |
| 605 |
Заглавие как предмет |
__ |
| 2 |
Код системы |
nlr_sh |
| a |
Заглавие |
Microsoft Excel |
| l |
Подзаголовок формы |
электронные таблицы |
| 606 |
Тематические рубрики |
__ |
| a |
Основная рубрика |
Экономика |
| 2 |
Код системы |
nlr_sh |
| 606 |
Тематические рубрики |
__ |
| a |
Основная рубрика |
Учет. Бухгалтерский учет |
| 2 |
Код системы |
nlr_sh |
| 606 |
Тематические рубрики |
__ |
| 2 |
Код системы |
nlr_sh |
| a |
Основная рубрика |
Вычислительная техника |
| 606 |
Тематические рубрики |
__ |
| 2 |
Код системы |
nlr_sh |
| a |
Основная рубрика |
Системы обработки численных данных |
| 610 |
Ключевые слова |
0_ |
| a |
Ключевые слова |
экономика предприятия |
| 610 |
Ключевые слова |
0_ |
| a |
Ключевые слова |
электронные таблицы |
| 610 |
Ключевые слова |
0_ |
| a |
Ключевые слова |
бухгалтерский учет |
| 610 |
Ключевые слова |
0_ |
| a |
Ключевые слова |
финансовая отчетность |
| 610 |
Ключевые слова |
0_ |
| a |
Ключевые слова |
математические методы |
| 610 |
Ключевые слова |
0_ |
| a |
Ключевые слова |
финансовые результаты |
| 610 |
Ключевые слова |
0_ |
| a |
Ключевые слова |
прогнозы отчетности |
| 610 |
Ключевые слова |
0_ |
| a |
Ключевые слова |
прогнозирование результатов |
| 610 |
Ключевые слова |
0_ |
| a |
Ключевые слова |
моделирование финансовых показателей |
| 610 |
Ключевые слова |
0_ |
| a |
Ключевые слова |
моделирование бизнес-процессов |
| 610 |
Ключевые слова |
0_ |
| a |
Ключевые слова |
бизнес |
| 610 |
Ключевые слова |
0_ |
| a |
Ключевые слова |
бизнесс-процессы |
| 610 |
Ключевые слова |
0_ |
| a |
Ключевые слова |
финансовое планирование |
| 610 |
Ключевые слова |
0_ |
| a |
Ключевые слова |
финансовое прогнозирование |
| 610 |
Ключевые слова |
0_ |
| a |
Ключевые слова |
финансовое моделирование |
| 610 |
Ключевые слова |
0_ |
| a |
Ключевые слова |
эффективность бизнеса |
| 610 |
Ключевые слова |
0_ |
| a |
Ключевые слова |
инвестиционная оценка |
| 610 |
Ключевые слова |
0_ |
| a |
Ключевые слова |
финансовые расчеты |
| 686 |
Индексы других классификаций |
__ |
| a |
Классификационный индекс |
65.052.20в631 |
| 2 |
Код системы |
rubbks |
| 686 |
Индексы других классификаций |
__ |
| 2 |
Код системы |
rubbks |
| a |
Классификационный индекс |
32.972.131.4 |
| 700 |
Автор |
_1 |
| a |
Фамилия |
Бастик |
| b |
Имя |
Л. |
| g |
Полное личное имя |
Лиам |
| 4 |
Код отношения |
070 |
| 702 |
Вторичная интеллектуальная ответственность |
_1 |
| a |
Фамилия |
Райтман |
| b |
Имя |
М. А. |
| g |
Полное личное имя |
Михаил Анатольевич |
| 4 |
Код отношения |
730 |
| 801 |
Источник записи |
_0 |
| a |
Страна |
RU |
| b |
Организация |
NLR |
| c |
Дата составления |
20221121 |
| g |
Правила каталогизации |
PSBO |
| 801 |
Источник записи |
_1 |
| a |
Страна |
RU |
| b |
Организация |
NLR |
| c |
Дата составления |
20221121 |
| g |
Правила каталогизации |
PSBO |
| 801 |
Источник записи |
_2 |
| a |
Страна |
RU |
| b |
Организация |
NLR |
| c |
Дата составления |
20221201 |
| 2 |
Код формата |
rusmarc |
| g |
Правила каталогизации |
PSBO |
| 852 |
Данные о местонахождении |
__ |
| i |
Авторский знак |
Б 27 |
| j |
Шифр хранения |
65.052.20в631 |
| 900 |
Макрообъекты |
__ |
| a |
Макрообъекты |
Как быть ленивым пользователем Excel. Введение в финансовое моделирование. Бастик, Л., 2022 |
| 901 |
Тип документа |
__ |
| a |
Ответственный |
КиК/Обаева |
| t |
Тип документа |
m |
| 903 |
Характеристики (МАРС) |
__ |
| a |
Дата передачи |
20241031 |
| c |
Наименование библиотеки (МАРС) |
Муниципальное бюджетное учреждение культуры "Централизованная библиотечная система" г. Сургут (Центральная городская библиотека им. А. С. Пушкина) |
| 990 |
Данные о заказе (DOS) |
__ |
| j |
Количество экземпляров (DOS) |
1 |
| t |
N записи в КСУ для И/У (DOS) |
202502 |